Statistics for FC Barcelona scorers in Liga 2016-2017

Click here to take the quiz!

General Stats

  • This quiz has been taken 239 times
  • The average score is 11 of 15

Answer Stats

PlayerGoals% Correct
Lionel Messi35
100%
Luis Suarez28
100%
Neymar13
99%
Denis Suarez1
98%
Gérard Piqué2
94%
Ivan Rakitic8
88%
Jordi Alba1
87%
Samuel Umtiti1
69%
Javier Mascherano1
56%
Rafinha6
54%
André Gomes3
50%
Paco Alcacer6
50%
Arda Turan3
49%
Aleix Vidal2
47%
Jérémy Mathieu1
37%

Score Distribution

Percentile by Number Answered

Percent of People with Each Score

Your Score History

You have not taken this quiz